Every A-League Club Ever - Statistics

General Stats
  • This quiz has been taken 119 times
    14 since last reset
  • The average score is 14 of 16
Answer Stats
Hint Answer % Correct
2005- Sydney FC
100%
2024- Auckland FC
93%
2005- Newcastle Jets
93%
2005- Perth Glory
93%
2005- Queensland/Brisbane Roar
93%
2007- Wellington Phoenix
93%
2005- Adelaide United
86%
2005- Central Coast Mariners
86%
2010- Melbourne Heart/City
86%
2005- Melbourne Victory
86%
2012- Western Sydney Wanderers
86%
2019- Western United
86%
2009-2012 Gold Coast United
79%
2020- Macarthur FC
79%
2005-2007 New Zealand Knights
79%
2009-2011 North Queensland Fury
64%
No matching quizzes found
Score Distribution
Percent of People with Each Score
Percentile by Number Answered
Your Score History
You have not taken this quiz since the last reset